Intervention (Record no. 6503)

MARC details
000 -LEADER
fixed length control field 00562nas a22002057i 4500
001 - CONTROL NUMBER
control field 7655
003 - CONTROL NUMBER IDENTIFIER
control field OSt
005 - DATE AND TIME OF LATEST TRANSACTION
control field 20170126082402.0
007 - PHYSICAL DESCRIPTION FIXED FIELD--GENERAL INFORMATION
fixed length control field tu
008 - FIXED-LENGTH DATA ELEMENTS--GENERAL INFORMATION
fixed length control field 161220s xxu||||| |||| 00| 0 d
024 7# - OTHER STANDARD IDENTIFIER
Standard number or code 7655
Source of number or code RID
024 7# - OTHER STANDARD IDENTIFIER
Standard number or code 7655
Source of number or code RSN (alt)
040 ## - CATALOGING SOURCE
Transcribing agency OSt
110 2# - MAIN ENTRY--CORPORATE NAME
Corporate name or jurisdiction name as entry element Margburger Institut für Wirtschafts- und Politikforschung e.V.
245 00 - TITLE STATEMENT
Title Intervention
Remainder of title Zeitschrift für Ökonomie/ Journal of Economics
260 ## - PUBLICATION, DISTRIBUTION, ETC.
Place of publication, distribution, etc. Germany.
300 ## - PHYSICAL DESCRIPTION
Dimensions 21cm
490 ## - SERIES STATEMENT
Series statement Intervention
866 #0 - TEXTUAL HOLDINGS--BASIC BIBLIOGRAPHIC UNIT
-- letzte Ausgabe Jg. 4 (2007), Heft I/Vol. 4 (2007), Nummer I
942 ## - ADDED ENTRY ELEMENTS (KOHA)
Koha item type Journal
Holdings
Withdrawn status Lost status Damaged status Not for loan Home library Current library Shelving location Date acquired Inventory number Total Checkouts Barcode Date last seen Price effective from Koha item type
        WIIW WIIW Library 07/25/2007 7655   10003619 01/26/2017 01/26/2017 Journal
The Vienna Instiute for International Economic Studies (wiiw)